| 000 | 00460nam a22001697a 4500 | ||
|---|---|---|---|
| 003 | OSt | ||
| 005 | 20251217063848.0 | ||
| 008 | 251217b |||||||| |||| 00| 0 eng d | ||
| 020 | _a971-23-3186-5 | ||
| 040 |
_aDWCL Main Lib. _cOC |
||
| 082 | _aFil. 342 Su12a 2001 | ||
| 100 | _aSuarez, Rolando A. | ||
| 245 |
_aAdministrative law/ _cRolando A. Suarez |
||
| 260 |
_aREX Book Store, _cc2001. |
||
| 300 |
_axviii, 276 p.; _c23 cm. |
||
| 942 |
_2ddc _cBK-FIL _kFil. _n0 |
||
| 999 |
_c7170 _d7170 |
||